| 000 | 00669nam a2200217 a 4500 | ||
|---|---|---|---|
| 001 | 000748267 | ||
| 003 | AM-YeHGA | ||
| 005 | 20250617143528.0 | ||
| 008 | 100702s1969 ||| r 000 0 rus d | ||
| 040 | _aAM-YeHGA | ||
| 041 | 0 | _arus | |
| 100 | 1 | _aМескин, Кива Евсеевич | |
| 245 | 1 | 0 |
_aСахарный диабет / _cК.Е. Мескин. |
| 250 | _a5-е изд., доп. | ||
| 260 |
_aСтаврополь : _bСтавропольское кн. изд., _c1969. |
||
| 300 |
_a114 с. : _bил. |
||
| 440 | 0 | _aСоветы врача | |
| 653 | 0 | _aЭндокринология | |
| 653 | 0 | _aДиабет сахарный | |
| 090 | _c278124 | ||
| 999 |
_c276474 _d276474 |
||